DIRECT TAX LAW (Record no. 5559)

MARC details
000 -LEADER
fixed length control field 00422nam a22001577a 4500
005 - DATE AND TIME OF LATEST TRANSACTION
control field 20170915172025.0
008 - FIXED-LENGTH DATA ELEMENTS--GENERAL INFORMATION
fixed length control field 170915b xxu||||| |||| 00| 0 eng d
020 ## - INTERNATIONAL STANDARD BOOK NUMBER
ISBN 978-93-272-8144-6
041 ## - LANGUAGE CODE
Language code of text/sound track or separate title eng
082 ## - DEWEY DECIMAL CLASSIFICATION NUMBER
Classification number 336.294
100 ## - MAIN ENTRY--AUTHOR NAME
Personal name TULI, ARVIND AND CHADHA, NEERU
245 ## - TITLE STATEMENT
Title DIRECT TAX LAW
Statement of responsibility, etc ARVIND TULI AND NEERU CHADHA
260 ## - PUBLICATION, DISTRIBUTION, ETC. (IMPRINT)
Place of publication LUDHIYANA
Name of publisher KALYANI PUBLISHERS
Year of publication 2014
300 ## - PHYSICAL DESCRIPTION
Number of Pages 10.15p,
942 ## - ADDED ENTRY ELEMENTS (KOHA)
Koha item type Books
Holdings
Lost status Damaged status Collection code Home library Current library Shelving location Date acquired Source of acquisition Cost, normal purchase price Full call number Accession Number Koha item type
    Reference JRU Library JRU Library SHELF-1-D 15/09/2017 PURCHESS 450.00 336.294 21905 Books